Benin : Poverty Reduction Strategy Paper; Annual Progress Report.

The Poverty Reduction Strategy Papers (PRSPs) on Benin analyzes poverty trends and economic policies. The gap between the Millennium Development Goals (MDGs) poverty line and trends recorded in Benin is still considerable, especially in terms of the depth and gravity of poverty. Progress on good gov...

Descrizione completa

Dettagli Bibliografici
Ente Autore: International Monetary Fund
Natura: Periodico
Lingua:English
Pubblicazione: Washington, D.C. : International Monetary Fund, 2005.
Serie:IMF Staff Country Reports; Country Report ; No. 2005/293
Accesso online:Full text available on IMF
LEADER 01649cas a2200241 a 4500
001 AALejournalIMF003754
008 230101c9999 xx r poo 0 0eng d
020 |c 5.00 USD 
020 |z 9781451803471 
022 |a 1934-7685 
040 |a BD-DhAAL  |c BD-DhAAL 
110 2 |a International Monetary Fund. 
245 1 0 |a Benin :   |b Poverty Reduction Strategy Paper; Annual Progress Report. 
264 1 |a Washington, D.C. :  |b International Monetary Fund,  |c 2005. 
300 |a 1 online resource (107 pages) 
490 1 |a IMF Staff Country Reports 
500 |a <strong>Off-Campus Access:</strong> No User ID or Password Required 
500 |a <strong>On-Campus Access:</strong> No User ID or Password Required 
506 |a Electronic access restricted to authorized BRAC University faculty, staff and students 
520 3 |a The Poverty Reduction Strategy Papers (PRSPs) on Benin analyzes poverty trends and economic policies. The gap between the Millennium Development Goals (MDGs) poverty line and trends recorded in Benin is still considerable, especially in terms of the depth and gravity of poverty. Progress on good governance and institutional capacity building was uneven. To achieve the overall and sectoral targets set by the PRSP, additional funds must be mobilized for implementing the final phase. It will also be important to start reflecting on the next PRSP, including a plan to evaluate implementation. 
538 |a Mode of access: Internet 
830 0 |a IMF Staff Country Reports; Country Report ;  |v No. 2005/293 
856 4 0 |z Full text available on IMF  |u http://elibrary.imf.org/view/journals/002/2005/293/002.2005.issue-293-en.xml  |z IMF e-Library